000
00335nam a2200133Ia 4500
008
240624s9999 xx 000 0 und d
041
_a
eng
082
_a
828 KES
100
_a
KESAVAN MUKUL
245
_a
HOMELESS ON GOOGLE EARTH
260
_c
2014
_a
Raikhet
_b
Permanent Black
300
_a
ix, : 314 : p. : cm. ; 21
365
_c
RS
_b
31
999
_c
27606
_d
27606